Le pouvoir politique chrétien: discours prononcés a la Chapelle Imperiale des Tuileries

Salvato in:
Dettagli Bibliografici
Autore principale: Raulica, Ventura de (Autore)
Natura: Libro
Lingua:francese
Pubblicazione: París Gaume Freres et J. Duprey 1858
Edizione:1a. ed
Soggetti:
Tags: Aggiungi Tag
Nessun Tag, puoi essere il primo ad aggiungerne!!

MARC

LEADER 00000cam a2200000 a 4500
001 UCD8375
003 CL-VaPUC
008 170512e18580000fr |||||||||||||||||fre|d
082 0 4 |a 320.2  |b RAU  |2 21 
100 0 |a Raulica, Ventura de  |e author  |9 592048 
245 1 3 |a Le pouvoir politique chrétien: discours prononcés a la Chapelle Imperiale des Tuileries 
250 |a 1a. ed 
300 |a 590 p 
942 |c BK 
945 |d 20170512 22:27:00  |a dcastane 
260 |a París  |b Gaume Freres et J. Duprey  |c 1858 
650 0 |a Política y gobierno  |9 255151 
650 0 |a Poder político  |9 255509 
650 7 |a SISTEMAS POLITICOS  |2 CL-VaPUC  |9 592049 
650 0 |a Ideologías políticas   |9 255735 
583 |a last modification  |c 20170512 22:27:00  |k Rodrigo Vera 
999 |c 367911  |d 367909 
952 |0 0  |1 0  |2 ddc  |3 erd  |4 0  |5 1  |6 320_200000000000000_RAU_1858  |7 1  |8 C_LRYV  |9 483086  |a FDOBRV  |b BIBDER  |i 537507K  |o 320.2 RAU 1858  |p 537507K  |r 2023-01-25  |w 2019-11-24  |y BK_X  |z Catalogado en:20170512  |k BRV